000 00470nam a2200181Ia 4500
001 12853
005 20260306163011.0
008 260306t2004||||xx |||||||||||||| ||spa||
041 _aESP
082 _aRD 368.03
_bM67
100 _aMochón Morcillo, Francisco
_eAUT
245 0 _aDiccionario de términos de seguros, reaseguros y financieros
260 _c2004
300 _a803 páginas :
_c17 cm.
650 _aGEN
654 _aCHU
942 _cDIC
_dJUS
_fJUS
_2ddc
_n
999 _c12853
_d12853